[Event "Nassau CC-ch"]
[Site "Mineola"]
[Date "2008.12.22"]
[Round "10"]
[White "Bellon, Neal"]
[Black "Kreitner, Ilan"]
[Result "1-0"]
[WhiteElo "1624"]
[BlackElo "2000"]
[PlyCount "77"]
[EventDate "2008.10.20"]
[EventType "swiss"]
[EventRounds "10"]
[EventCountry "USA"]
[SourceTitle "EXT 2010"]
[Source "ChessBase"]
[SourceDate "2010.11.25"]
[SourceVersion "1"]
[SourceVersionDate "2010.11.25"]
[SourceQuality "1"]

1. d4 c5 2. c3 e6 3. Bf4 d5 4. e3 Nc6 5. Nf3 Nf6 6. Be2 Be7 7. h3 Bd6 8. 0-0 b6 9. Bxd6 Qxd6 10. Nbd2 Bd7 11. Re1 0-0 12. Bd3 Rad8 13. e4 dxe4 14. Nxe4 Nxe4 15. Bxe4 f5 16. Bxc6 Bxc6 17. dxc5 Qxc5 18. Qe2 Rf6 19. Rad1 Re8 20. Ne5 g6 21. Rd2 Re7 22. Qd1 Be8 23. Rd8 Rf8 24. Rd2 a5 25. Qe2 b5 26. Red1 g5 27. Nd7 Bxd7 28. Rxd7 Rfe8 29. Rxe7 Rxe7 30. Qh5 Qc7 31. Qxg5+ Rg7 32. Qd8+ Qxd8 33. Rxd8+ Kf7 34. Rb8 Kf6 35. Rxb5 Ra7 36. a4 f4 37. Kf1 e5 38. Ke2 e4 39. g3 1-0

[Event "Nassau CC-ch"]
[Site "Mineola"]
[Date "2008.12.01"]
[Round "7"]
[White "Kreitner, Ilan"]
[Black "Luchan, Jason"]
[Result "0-1"]
[WhiteElo "2000"]
[BlackElo "2094"]
[PlyCount "138"]
[EventDate "2008.10.20"]
[EventType "swiss"]
[EventRounds "10"]
[EventCountry "USA"]
[SourceTitle "EXT 2010"]
[Source "ChessBase"]
[SourceDate "2010.11.25"]
[SourceVersion "1"]
[SourceVersionDate "2010.11.25"]
[SourceQuality "1"]

1. e4 d6 2. d4 Nf6 3. Nc3 e5 4. Nf3 Nbd7 5. Bc4 Be7 6. h3 0-0 7. Be3 c6 8. Bb3 b6 9. a4 a6 10. 0-0 Bb7 11. Qd2 Qc7 12. g4 b5 13. axb5 axb5 14. Rxa8 Bxa8 15. g5 b4 16. gxf6 bxc3 17. Qd3 Bxf6 18. bxc3 Bb7 19. Ra1 Ra8 20. Rxa8+ Bxa8 21. Nh2 Nf8 22. Ng4 Bd8 23. f4 exf4 24. Bxf4 Ne6 25. Bh2 Qe7 26. Qg3 Bc7 27. Nh6+ Kf8 28. Nf5 d5 29. e5 Qg5 30. Qxg5 Nxg5 31. Kg2 Ne4 32. c4 Bb7 33. cxd5 cxd5 34. Ne3 Nc3 35. Bg1 Bb6 36. Nf5 Bc6 37. Kf3 Bd7 38. Nd6 Bxh3 39. Kg3 Be6 40. Kf3 f6 41. exf6 gxf6 42. Nb7 Ke7 43. Nc5 Bf7 44. Na4 Bh5+ 45. Kg2 Nxa4 46. Bxa4 Ke6 47. Bb3 Be2 48. Bf2 Ba5 49. Be3 Be1 50. Ba4 Kf5 51. Bg1 Ke4 52. Bd7 Bc3 53. Be6 Bxd4 54. Bf5+ Ke5 55. Bxh7 Bxg1 56. Kxg1 Kd4 57. Kf2 Bh5 58. Bg8 Bg6 59. c3+ Ke4 60. c4 d4 61. c5 Be8 62. Bc4 d3 63. Ba6 Bc6 64. Bc4 Kd4 65. Ba6 Be4 66. Bc8 f5 67. c6 d2 68. Ke2 Kc3 69. c7 Kc2 0-1

[Event "Nassau CC-ch"]
[Site "Mineola"]
[Date "2008.10.27"]
[Round "2"]
[White "Kreitner, Ilan"]
[Black "Slyper, Andrew J"]
[Result "1-0"]
[WhiteElo "2000"]
[BlackElo "1618"]
[PlyCount "89"]
[EventDate "2008.10.20"]
[EventType "swiss"]
[EventRounds "10"]
[EventCountry "USA"]
[SourceTitle "EXT 2010"]
[Source "ChessBase"]
[SourceDate "2010.11.25"]
[SourceVersion "1"]
[SourceVersionDate "2010.11.25"]
[SourceQuality "1"]

1. e4 e5 2. Nf3 Nc6 3. d4 exd4 4. Nxd4 Qf6 5. Be3 d5 6. exd5 Nb4 7. Bc4 c6 8. Nc3 Qg6 9. Bb3 Qxg2 10. Qf3 Qxf3 11. Nxf3 Nf6 12. dxc6 bxc6 13. Rg1 g6 14. Ne5 Be6 15. 0-0-0 Be7 16. Bxe6 fxe6 17. Bh6 Bf8 18. Bxf8 Rxf8 19. Rge1 Rd8 20. Rxd8+ Kxd8 21. a3 Nbd5 22. Nxc6+ Kd7 23. Ne5+ Ke7 24. Nb5 a6 25. Nd4 Nc7 26. c4 Nd7 27. Ndc6+ Ke8 28. Re2 Nxe5 29. Nxe5 Rf5 30. Kc2 Ke7 31. Kc3 Kd6 32. Nd3 a5 33. b4 axb4+ 34. axb4 Na6 35. Ra2 Nc7 36. b5 e5 37. Kb4 e4 38. Nc5 Rxc5 39. Rd2+ Nd5+ 40. Rxd5+ Rxd5 41. cxd5 g5 42. Kc4 h5 43. Kd4 e3 44. Kxe3 Kxd5 45. b6 1-0

[Event "Nassau CC-ch"]
[Site "Mineola"]
[Date "2008.10.20"]
[Round "1"]
[White "Bonin, Jay R"]
[Black "Kreitner, Ilan"]
[Result "1-0"]
[WhiteElo "2445"]
[BlackElo "2000"]
[PlyCount "48"]
[EventDate "2008.10.20"]
[EventType "swiss"]
[EventRounds "10"]
[EventCountry "USA"]
[SourceTitle "EXT 2010"]
[Source "ChessBase"]
[SourceDate "2010.11.25"]
[SourceVersion "1"]
[SourceVersionDate "2010.11.25"]
[SourceQuality "1"]

1. d4 f5 2. Nc3 Nf6 3. Bg5 e6 4. e4 fxe4 5. Nxe4 Be7 6. Bxf6 Bxf6 7. Nf3 d5 8. Nxf6+ Qxf6 9. c3 Nd7 10. Bd3 c5 11. Qe2 0-0 12. 0-0 c4 13. Bc2 Nb6 14. Ne5 Bd7 15. Rae1 Rae8 16. f4 g6 17. Qg4 Bc8 18. h4 Kh8 19. h5 Qg7 20. hxg6 Rf6 21. Re3 Nd7 22. Rh3 Nf8 23. Rff3 Re7 24. Rfg3 h6 1-0

[Event "Nassau CC-ch"]
[Site "Mineola"]
[Date "2002.10.21"]
[Round "1"]
[White "Kreitner, Ilan"]
[Black "Bonin, Jay R"]
[Result "0-1"]
[WhiteElo "2200"]
[BlackElo "2413"]
[PlyCount "76"]
[EventDate "2002.12.10"]
[EventType "swiss"]
[EventRounds "9"]
[EventCountry "USA"]
[SourceTitle "EXT 2004"]
[Source "ChessBase"]
[SourceDate "2003.11.25"]
[SourceVersion "1"]
[SourceVersionDate "2003.11.25"]
[SourceQuality "1"]

1. e4 c5 2. Nf3 Nc6 3. d4 cxd4 4. Nxd4 e5 5. Nb5 d6 6. c4 Be7 7. Be2 Be6 8. b3 a6 9. N5c3 Bg5 10. Ba3 Nd4 11. 0-0 Nf6 12. Qd3 0-0 13. Nd2 Bxd2 14. Qxd2 Qa5 15. Bb2 Nxe4 16. Nxe4 Qxd2 17. Nxd2 Nxe2+ 18. Kh1 b5 19. Rfe1 Nf4 20. Re3 Bf5 21. Ba3 Rfd8 22. Ne4 Bxe4 23. Rxe4 f5 24. Re3 e4 25. g4 bxc4 26. bxc4 Rac8 27. gxf5 Rxc4 28. Rg1 Nd3 29. Re2 Kf7 30. h3 d5 31. Rg4 Rb8 32. Bd6 Rb1+ 33. Kh2 Rc6 34. Bg3 Rcc1 35. Bd6 h5 36. Rg5 h4 37. Ba3 Rh1+ 38. Kg2 Rbg1# 0-1

[Event "Nassau CC-ch"]
[Site "Nassau"]
[Date "2000.12.04"]
[Round "8"]
[White "Capolongo, John J"]
[Black "Kreitner, Ilan"]
[Result "0-1"]
[WhiteElo "1791"]
[BlackElo "2200"]
[PlyCount "88"]
[EventDate "2000.10.??"]
[EventType "swiss"]
[EventRounds "10"]
[EventCountry "USA"]
[SourceTitle "EXT 2003"]
[Source "ChessBase"]
[SourceDate "2002.11.25"]
[SourceVersion "1"]
[SourceVersionDate "2002.11.25"]
[SourceQuality "1"]

1. e4 c5 2. b3 Nc6 3. Bb2 e5 4. Bb5 d6 5. Nc3 Nf6 6. Nge2 Bd7 7. 0-0 a6 8. Bxc6 Bxc6 9. d3 Be7 10. f4 Ng4 11. Qd2 f6 12. Nd5 0-0 13. f5 Bxd5 14. exd5 Nh6 15. h3 Qd7 16. g4 Nf7 17. c4 b5 18. Ng3 Rfb8 19. Qg2 a5 20. Ne4 Kh8 21. Nc3 b4 22. Ne4 a4 23. Rfb1 Ra7 24. Qf1 Rba8 25. Kg2 h6 26. Qd1 Rg8 27. Kh2 Ng5 28. Nxg5 fxg5 29. a3 Rga8 30. axb4 cxb4 31. bxa4 Qc7 32. Rc1 Bf6 33. Ra2 Qc5 34. Qg1 Qxg1+ 35. Kxg1 Rxa4 36. Rxa4 Rxa4 37. c5 dxc5 38. Rxc5 Ra2 39. d6 Rxb2 40. d7 Rd2 41. Rc8+ Kh7 42. d8Q Bxd8 43. Rxd8 b3 44. Rb8 b2 0-1

[Event "Nassau CC-ch"]
[Site "Nassau"]
[Date "2000.10.30"]
[Round "3"]
[White "Kreitner, Ilan"]
[Black "Jarva, Eugene Edward"]
[Result "1-0"]
[WhiteElo "2200"]
[BlackElo "1751"]
[PlyCount "91"]
[EventDate "2000.10.??"]
[EventType "swiss"]
[EventRounds "10"]
[EventCountry "USA"]
[SourceTitle "EXT 2003"]
[Source "ChessBase"]
[SourceDate "2002.11.25"]
[SourceVersion "1"]
[SourceVersionDate "2002.11.25"]
[SourceQuality "1"]

1. e4 g6 2. d4 d6 3. Nf3 Bg7 4. Bc4 Nc6 5. c3 Nf6 6. Qe2 0-0 7. d5 Nb8 8. Bf4 c6 9. dxc6 Nxc6 10. 0-0 Ng4 11. Rd1 Nge5 12. Bb3 Bg4 13. Nbd2 Nxf3+ 14. Nxf3 Ne5 15. Qe3 Nxf3+ 16. gxf3 Be6 17. Bg3 Qc8 18. Bd5 Bh3 19. a4 e6 20. Bb3 Be5 21. Bxe5 dxe5 22. Qh6 Bg4 23. fxg4 Qc6 24. Qe3 Kg7 25. Rd2 Rae8 26. Rad1 f5 27. Rd6 Qxe4 28. Qxe4 fxe4 29. Bxe6 Rf4 30. h3 Ref8 31. R1d2 Rf3 32. Kg2 Kh6 33. Bd5 R3f4 34. Re2 Kg5 35. Bxe4 Kh4 36. f3 R4f7 37. Kf2 Kxh3 38. Ke3 Kh4 39. Re6 Kg3 40. Rxe5 Rxf3+ 41. Bxf3 Rxf3+ 42. Kd2 Kxg4 43. Re7 h5 44. Rg2+ Rg3 45. Rxg3+ Kxg3 46. Rg7 1-0

[Event "Nassau CC-ch"]
[Site "Nassau"]
[Date "1999.11.15"]
[Round "5"]
[White "Kaplan, Ivan"]
[Black "Kreitner, Ilan"]
[Result "0-1"]
[WhiteElo "1700"]
[BlackElo "2200"]
[PlyCount "81"]
[EventDate "1999.10.18"]
[EventType "swiss"]
[EventRounds "10"]
[EventCountry "USA"]
[SourceTitle "EXT 2003"]
[Source "ChessBase"]
[SourceDate "2002.11.25"]
[SourceVersion "1"]
[SourceVersionDate "2002.11.25"]
[SourceQuality "1"]

1. d4 c5 2. d5 e5 3. dxe6 fxe6 4. c4 Nf6 5. Nc3 d5 6. Bg5 d4 7. Ne4 Be7 8. Bxf6 gxf6 9. Qd3 f5 10. Nd2 Nc6 11. 0-0-0 0-0 12. h4 e5 13. Qg3+ Kh8 14. Ngf3 f4 15. Qh2 Bf5 16. g4 fxg3 17. Qxg3 Rg8 18. Nxe5 Rxg3 19. Nf7+ Kg7 20. Nxd8 Rg6 21. Nxc6 bxc6 22. Nf3 Be4 23. Rh3 Re8 24. Ne5 Re6 25. Nd3 Bd6 26. h5 Rf8 27. f3 Bf5 28. Rh1 Rfe8 29. Rg1+ Kh6 30. f4 Bxd3 31. Rxd3 Bxf4+ 32. Kd1 Be3 33. Rh1 Rb8 34. b3 Rf6 35. Bg2 Rbf8 36. Kc2 Rf2 37. Bxc6 Rxe2+ 38. Kb1 Rff2 39. Rxe3 Rb2+ 40. Kc1 dxe3 41. Rd1 0-1

[Event "Foxwoods op 01st"]
[Site "Mashantucket"]
[Date "1999.04.03"]
[Round "5"]
[White "Kreitner, Ilan"]
[Black "Karklins, Andrew"]
[Result "0-1"]
[WhiteElo "2096"]
[BlackElo "2321"]
[PlyCount "52"]
[EventDate "1999.04.??"]
[EventType "swiss"]
[EventRounds "7"]
[EventCountry "USA"]
[SourceTitle "EXT 2000"]
[Source "ChessBase"]
[SourceDate "1999.11.16"]
[SourceVersion "1"]
[SourceVersionDate "1999.11.16"]
[SourceQuality "1"]

1. c4 Nf6 2. Nc3 e6 3. g3 d5 4. cxd5 exd5 5. Bg2 d4 6. Ne4 Nxe4 7. Bxe4 Be7 8. Qb3 Nd7 9. Bg2 Nc5 10. Qd1 d3 11. e3 Be6 12. Nf3 Bf6 13. h4 a5 14. 0-0 a4 15. Ng5 Bxg5 16. hxg5 Qxg5 17. Qf3 h5 18. Qf4 Qxf4 19. exf4 Kd7 20. Bf3 h4 21. g4 f5 22. g5 h3 23. Kh2 Rh4 24. Kg3 Rah8 25. b4 h2 26. Bh1 Rg4+ 0-1

[Event "Nassau CC-ch"]
[Site "Long Island"]
[Date "1998.??.??"]
[Round "?"]
[White "Kreitner, Ilan"]
[Black "Chipkin, Leonard B"]
[Result "0-1"]
[WhiteElo "2170"]
[BlackElo "2150"]
[PlyCount "92"]
[EventDate "1998.??.??"]
[EventType "swiss"]
[EventRounds "10"]
[EventCountry "USA"]
[SourceTitle "EXT 2002"]
[Source "ChessBase"]
[SourceDate "2001.11.25"]
[SourceVersion "1"]
[SourceVersionDate "2001.11.25"]
[SourceQuality "1"]

1. c4 Nf6 2. Nc3 e6 3. g3 d5 4. Bg2 Be7 5. d3 0-0 6. cxd5 exd5 7. Nf3 c6 8. 0-0 Nbd7 9. d4 Bd6 10. Nh4 Re8 11. Re1 Bf8 12. a4 a5 13. b3 Bb4 14. Bd2 Nf8 15. Nf3 Ne6 16. e3 Nc7 17. Ne5 Bf5 18. f3 Bd6 19. g4 Bc8 20. g5 Nd7 21. f4 f6 22. Nf3 fxg5 23. Nxg5 Nf6 24. Qf3 h6 25. Nh3 Bf5 26. Nf2 Ne4 27. Ncxe4 dxe4 28. Qh5 g6 29. Qe2 Qd7 30. Qc4+ Kg7 31. Bc3 Nd5 32. Bb2 Bb4 33. Re2 b5 34. Qc2 Qe6 35. Rc1 Rac8 36. Kh1 Kh7 37. Qd1 Bf8 38. Qe1 Nb4 39. Qf1 Nd3 40. Rd1 Qxb3 41. Ba1 Qxa4 42. Nxe4 Rxe4 43. Rxd3 Rxf4 44. Qxf4 Qxa1+ 45. Bf1 Bxd3 46. Rf2 Bg7 0-1

[Event "Nassau CC-ch"]
[Site "Long Island"]
[Date "1997.??.??"]
[Round "?"]
[White "Kreitner, Ilan"]
[Black "Dolgitser, Konstantin"]
[Result "0-1"]
[WhiteElo "2195"]
[BlackElo "2270"]
[PlyCount "67"]
[EventDate "1997.??.??"]
[EventType "swiss"]
[EventRounds "10"]
[EventCountry "USA"]
[SourceTitle "EXT 2002"]
[Source "ChessBase"]
[SourceDate "2001.11.25"]
[SourceVersion "1"]
[SourceVersionDate "2001.11.25"]
[SourceQuality "1"]

1. d4 Nf6 2. Nf3 g6 3. Bf4 Bg7 4. e3 d5 5. h3 0-0 6. Bd3 c5 7. c3 c4 8. Bc2 Nc6 9. b4 cxb3 10. axb3 Re8 11. 0-0 Ne4 12. b4 Nd6 13. Na3 Bf5 14. Bb3 Be4 15. Ng5 e5 16. dxe5 Bxe5 17. Bxd5 Bxd5 18. Qxd5 Qf6 19. Rad1 Rad8 20. Qb3 Bxf4 21. exf4 Qxf4 22. Nf3 Ne5 23. Nxe5 Qxe5 24. Rd4 Ne4 25. Qd1 Nxc3 26. Rxd8 Nxd1 27. Rdxd1 Qc3 28. Nb5 Qxb4 29. Rb1 Qa5 30. Nd6 Re7 31. Rfc1 Qe5 32. Nc4 Qe2 33. Ne3 Rd7 34. Rc2 0-1

[Event "Nassau CC-ch"]
[Site "Long Island"]
[Date "1997.??.??"]
[Round "?"]
[White "Wisbauer, Robert K"]
[Black "Kreitner, Ilan"]
[Result "0-1"]
[WhiteElo "2090"]
[BlackElo "2195"]
[PlyCount "90"]
[EventDate "1997.??.??"]
[EventType "swiss"]
[EventRounds "10"]
[EventCountry "USA"]
[SourceTitle "EXT 2002"]
[Source "ChessBase"]
[SourceDate "2001.11.25"]
[SourceVersion "1"]
[SourceVersionDate "2001.11.25"]
[SourceQuality "1"]

1. g3 g6 2. Bg2 Bg7 3. Nf3 d6 4. c4 e5 5. Nc3 Nc6 6. 0-0 Nge7 7. d3 0-0 8. Bg5 h6 9. Bd2 f5 10. e4 f4 11. Nd5 g5 12. Ne1 Nd4 13. Nxe7+ Qxe7 14. f3 h5 15. Nc2 Ne6 16. Bc3 c5 17. Qe2 Bd7 18. b4 b6 19. a4 Nd4 20. Nxd4 exd4 21. Be1 Be5 22. g4 a6 23. Bd2 Rf7 24. h3 Rh7 25. Rfb1 Rh6 26. b5 a5 27. Kf2 Rf8 28. Rh1 Rf7 29. Rag1 Rfh7 30. Qd1 Be6 31. Qc1 Qd7 32. Qd1 Qc8 33. Qe2 Kf8 34. Qd1 Ke7 35. Bc1 Qf8 36. Rf1 Rh8 37. Bd2 Qf7 38. Qe2 Kd7 39. Ke1 Kc7 40. Kd1 Kb7 41. Kc2 Ka7 42. Qe1 Bxc4 43. dxc4 Qxc4+ 44. Kb1 Qb3+ 45. Kc1 d3 0-1

[Event "Nassau CC-ch"]
[Site "Long Island"]
[Date "1996.??.??"]
[Round "?"]
[White "Kreitner, Ilan"]
[Black "Berg, George P"]
[Result "1/2-1/2"]
[WhiteElo "2320"]
[BlackElo "2155"]
[PlyCount "82"]
[EventDate "1996.??.??"]
[EventType "swiss"]
[EventRounds "9"]
[EventCountry "USA"]
[SourceTitle "EXT 2002"]
[Source "ChessBase"]
[SourceDate "2001.11.25"]
[SourceVersion "1"]
[SourceVersionDate "2001.11.25"]
[SourceQuality "1"]

1. d4 Nf6 2. Nf3 c5 3. e3 d5 4. Bd3 Nc6 5. b3 e6 6. Bb2 Bd6 7. 0-0 0-0 8. Ne5 cxd4 9. exd4 Qc7 10. f4 Nb4 11. Nc3 Nxd3 12. Qxd3 a6 13. Rae1 b5 14. Rf3 b4 15. Nd1 Bb7 16. Rh3 Ne4 17. Qe2 Rac8 18. Ne3 Nf6 19. g4 Ne4 20. g5 g6 21. Qg4 h5 22. gxh6 Kh7 23. Rf3 Rg8 24. h4 Rcf8 25. Kh2 Nf6 26. Qh3 Ne4 27. Re2 Qa5 28. N3g4 f5 29. Nf2 Qxa2 30. Bc1 Qb1 31. Qf1 Qa2 32. Kh3 Qa5 33. Nfd3 Bxe5 34. Nxe5 Qc7 35. Qe1 a5 36. Bb2 Ra8 37. Rg2 Raf8 38. c4 bxc3 39. Bxc3 Ra8 40. Re2 Rgc8 41. Rg2 Rg8 1/2-1/2